000 00232nam a22000857a 4500
008 170603b xxu||||| |||| 00| 0 eng d
100 _93246
_aSmith. L
245 _aA wish to far and puff cheeks palace
260 _aNew Delhi
_bParragon
_c1997
999 _c6560
_d6560